000 00376nam a2200133 4500
999 _c9562
_d9562
003 OSt
005 20210705102207.0
008 210705b ||||| |||| 00| 0 eng d
020 _a9781616897543
082 _a720.72
100 _a Stead, Naomi; Gosseye, Janina,; Van der Plaat, Deborah,
245 _aSpeaking of buildings : oral history in architectural research
942 _2ddc